<?xml version="1.0" encoding="UTF-8"?>
<collection xmlns="http://www.loc.gov/MARC21/slim">
 <record>
  <leader>02891cam a2200505   4500</leader>
  <controlfield tag="001">574889310</controlfield>
  <controlfield tag="003">DE-627</controlfield>
  <controlfield tag="005">20211110091513.0</controlfield>
  <controlfield tag="007">cr uuu---uuuuu</controlfield>
  <controlfield tag="008">080814s2008    xx |||||o     00| ||ita c</controlfield>
  <datafield tag="024" ind1="7" ind2=" ">
   <subfield code="a">urn:nbn:de:bsz:16-artdok-4490</subfield>
   <subfield code="2">urn</subfield>
  </datafield>
  <datafield tag="035" ind1=" " ind2=" ">
   <subfield code="a">(DE-627)574889310</subfield>
  </datafield>
  <datafield tag="035" ind1=" " ind2=" ">
   <subfield code="a">(DE-576)284941530</subfield>
  </datafield>
  <datafield tag="035" ind1=" " ind2=" ">
   <subfield code="a">(DE-599)BSZ284941530</subfield>
  </datafield>
  <datafield tag="035" ind1=" " ind2=" ">
   <subfield code="a">(OCoLC)316004724</subfield>
  </datafield>
  <datafield tag="040" ind1=" " ind2=" ">
   <subfield code="a">DE-627</subfield>
   <subfield code="b">ger</subfield>
   <subfield code="c">DE-627</subfield>
   <subfield code="e">rakwb</subfield>
  </datafield>
  <datafield tag="041" ind1=" " ind2=" ">
   <subfield code="a">ita</subfield>
  </datafield>
  <datafield tag="082" ind1="0" ind2="4">
   <subfield code="a">700</subfield>
  </datafield>
  <datafield tag="084" ind1=" " ind2=" ">
   <subfield code="a">9,10</subfield>
   <subfield code="2">ssgn</subfield>
  </datafield>
  <datafield tag="245" ind1="1" ind2="0">
   <subfield code="a">Giulio Strozzi: La Venetia edificata ... Poema eroico (Venedig 1624)</subfield>
   <subfield code="b">das 11. Kapitel zur Personifikation der 'Kunst' und zur 'Galleria del Cielo'</subfield>
   <subfield code="c">Giulio Strozzi. Hrsg. und eingeleitet von Ulrich Pfisterer</subfield>
  </datafield>
  <datafield tag="264" ind1=" " ind2="1">
   <subfield code="a">Heidelberg</subfield>
   <subfield code="b">Universitätsbibliothek der Universität Heidelberg</subfield>
   <subfield code="c">2008</subfield>
  </datafield>
  <datafield tag="300" ind1=" " ind2=" ">
   <subfield code="a">Online-Ressource</subfield>
  </datafield>
  <datafield tag="336" ind1=" " ind2=" ">
   <subfield code="a">Text</subfield>
   <subfield code="b">txt</subfield>
   <subfield code="2">rdacontent</subfield>
  </datafield>
  <datafield tag="337" ind1=" " ind2=" ">
   <subfield code="a">Computermedien</subfield>
   <subfield code="b">c</subfield>
   <subfield code="2">rdamedia</subfield>
  </datafield>
  <datafield tag="338" ind1=" " ind2=" ">
   <subfield code="a">Online-Ressource</subfield>
   <subfield code="b">cr</subfield>
   <subfield code="2">rdacarrier</subfield>
  </datafield>
  <datafield tag="490" ind1="1" ind2=" ">
   <subfield code="a">Fontes</subfield>
   <subfield code="v">10</subfield>
  </datafield>
  <datafield tag="520" ind1=" " ind2=" ">
   <subfield code="a">Giulio Strozzi schildert mit seiner 'Venetia edificata' in Nachfolge und im Wettstreit mit Tassos 'Gerusalemme liberata' die Frühzeit der Stadt Venedig und den Einfall des Hunnenkönigs Attila 452 in Italien als phantastisch ausgeschmücktes Ritterepos. Hier werden erstmals alle Kupferstich-Illustrationen (teils von Bernardo Castello entworfen), die Vorworte und Zusammenfassungen der Kapitel publiziert. Komplett vorgestellt wird das 11. Kapitel, das als Einschub die Klage der personifizierten Kunst im Himmel vor Gottvater schildert und die daran anschließende 'Zukunftsschau' der ruhmreichen Geschichte Venedigs in einer &quot;Galleria del Cielo&quot;.</subfield>
  </datafield>
  <datafield tag="591" ind1=" " ind2=" ">
   <subfield code="a">Book; 5550: HDUB/s68</subfield>
  </datafield>
  <datafield tag="689" ind1="0" ind2="0">
   <subfield code="d">u</subfield>
   <subfield code="0">(DE-588)4593204-9</subfield>
   <subfield code="0">(DE-627)32606477X</subfield>
   <subfield code="0">(DE-576)214056007</subfield>
   <subfield code="a">Strozzi, Giulio</subfield>
   <subfield code="d">1583-1660</subfield>
   <subfield code="t">La Venezia edificata</subfield>
   <subfield code="2">gnd</subfield>
  </datafield>
  <datafield tag="689" ind1="0" ind2="1">
   <subfield code="d">u</subfield>
   <subfield code="0">(DE-588)4210503-1</subfield>
   <subfield code="0">(DE-627)105095974</subfield>
   <subfield code="0">(DE-576)210198907</subfield>
   <subfield code="a">Tasso, Torquato</subfield>
   <subfield code="d">1544-1595</subfield>
   <subfield code="t">La Gerusalemme liberata</subfield>
   <subfield code="2">gnd</subfield>
  </datafield>
  <datafield tag="689" ind1="0" ind2="2">
   <subfield code="d">g</subfield>
   <subfield code="0">(DE-588)4062501-1</subfield>
   <subfield code="0">(DE-627)106131613</subfield>
   <subfield code="0">(DE-576)209144556</subfield>
   <subfield code="a">Venedig</subfield>
   <subfield code="2">gnd</subfield>
  </datafield>
  <datafield tag="689" ind1="0" ind2=" ">
   <subfield code="5">(DE-627)</subfield>
  </datafield>
  <datafield tag="700" ind1="1" ind2=" ">
   <subfield code="a">Strozzi, Giulio</subfield>
   <subfield code="d">1583-1660</subfield>
   <subfield code="0">(DE-588)122098900</subfield>
   <subfield code="0">(DE-627)136570909</subfield>
   <subfield code="0">(DE-576)185514804</subfield>
   <subfield code="4">oth</subfield>
  </datafield>
  <datafield tag="700" ind1="1" ind2=" ">
   <subfield code="a">Pfisterer, Ulrich</subfield>
   <subfield code="d">1968-</subfield>
   <subfield code="0">(DE-588)122497805</subfield>
   <subfield code="0">(DE-627)081979762</subfield>
   <subfield code="0">(DE-576)170243419</subfield>
   <subfield code="4">oth</subfield>
  </datafield>
  <datafield tag="830" ind1=" " ind2="0">
   <subfield code="a">Fontes</subfield>
   <subfield code="v">10</subfield>
   <subfield code="9">10</subfield>
   <subfield code="w">(DE-627)169242680X</subfield>
   <subfield code="w">(DE-576)273714333</subfield>
   <subfield code="w">(DE-600)3010579-1</subfield>
  </datafield>
  <datafield tag="856" ind1="4" ind2="0">
   <subfield code="u">http://nbn-resolving.de/urn:nbn:de:bsz:16-artdok-4490</subfield>
   <subfield code="q">application/pdf</subfield>
   <subfield code="x">Resolving-System</subfield>
   <subfield code="z">kostenfrei</subfield>
   <subfield code="3">Volltext</subfield>
  </datafield>
  <datafield tag="935" ind1=" " ind2=" ">
   <subfield code="i">Blocktest</subfield>
  </datafield>
  <datafield tag="951" ind1=" " ind2=" ">
   <subfield code="a">BO</subfield>
  </datafield>
  <datafield tag="994" ind1=" " ind2=" ">
   <subfield code="u">https://archiv.ub.uni-heidelberg.de/artdok/449/1/Pfisterer_Fontes10.pdf</subfield>
  </datafield>
  <datafield tag="990" ind1=" " ind2=" ">
   <subfield code="a">Strozzi, Giulio / La Venezia edificata</subfield>
  </datafield>
  <datafield tag="990" ind1=" " ind2=" ">
   <subfield code="a">Tasso, Torquato / La Gerusalemme liberata</subfield>
  </datafield>
  <datafield tag="990" ind1=" " ind2=" ">
   <subfield code="a">Venedig</subfield>
  </datafield>
  <datafield tag="991" ind1=" " ind2=" ">
   <subfield code="a">Gedicht</subfield>
  </datafield>
  <datafield tag="991" ind1=" " ind2=" ">
   <subfield code="a">Guiden / Reiseliteratur / Topographische Literatur</subfield>
  </datafield>
  <datafield tag="999" ind1=" " ind2=" ">
   <subfield code="a">KXP-PPN574889310</subfield>
   <subfield code="e">4001029340</subfield>
  </datafield>
 </record>
</collection>
